000 00887 a2200217 4500
999 _c8008
_d8008
020 _a0780415136150
020 _a0415136156 (v. 2)
050 0 0 _aLC 5215 ADU 1996
245 0 0 _aAdult learners, education and training. 2, The learning society :
_b challenges and trends/
264 _aNew York :
_bRoutledge
_c1996
300 _avi, 302p.. :
_bill. ;
440 0 _aOpen University set book
500 _aIncludes bibliographical references and indexes.
504 _aIncludes bibliographical references and indexes.
650 0 _aAdult education.
650 0 _aContinuing education.
700 1 _aEdwards, Richard,
_d1956 July 2-
_eeditor
856 4 2 _3Publisher description
_uhttp://www.loc.gov/catdir/enhancements/fy0649/95000443-d.html
942 _2lcc
_cBK
_h5215
_iLC
_kADU